[Event "28th Czech Open A 2017"]
[Site "Pardubice CZE"]
[Date "2017.07.22"]
[Round "2.68"]
[White "Plat, Vojtech"]
[Black "Shemeakin, Alexander"]
[Result "1-0"]
[WhiteTitle "IM"]
[BlackTitle "IM"]
[WhiteElo "2531"]
[BlackElo "2276"]
[WhiteFideId "325740"]
[BlackFideId "14101840"]
[EventDate "2017.07.21"]

1. d4 d5 2. c4 c6 3. Nc3 Nf6 4. Nf3 a6 5. e3 b5 6. b3 Bf5 7. Bd3 Bxd3 8. Qxd3 e6
9. O-O Be7 10. Bd2 Nbd7 11. Rac1 O-O 12. Ne2 Ne4 13. Ng3 bxc4 14. bxc4 Nd6 15.
c5 Nc4 16. e4 Nxd2 17. Qxd2 Nf6 18. exd5 Nxd5 19. Ne5 Qc7 20. Ne4 Nf6 21. Qc2
Rad8 22. Rfd1 Nxe4 23. Qxe4 Rd5 24. Nc4 Rfd8 25. Nb6 Rh5 26. g3 Rf5 27. Rd3 h5
28. h4 g5 29. hxg5 Rxg5 30. Nc4 Bf6 31. Ne3 Rb8 32. Qf3 Kg7 33. Ng2 Rh8 34. Nf4
Rf5 35. Re1 h4 36. Qe4 Qd7 37. Rb1 hxg3 38. Rxg3+ Rg5 39. Rxg5+ Bxg5 40. Qe5+
Bf6 41. Nh5+ Rxh5 42. Qxh5 Kf8 43. Qh6+ Ke7 44. Rb8 e5 45. Qf8+ Ke6 46. Qe8+
Qxe8 47. Rxe8+ Kd7 48. Ra8 exd4 49. Rxa6 Be7 50. Ra7+ Ke6 51. Rc7 Bxc5 52. Rxc6+
Kd5 53. Rf6 d3 54. Kf1 1-0

[Event "28th Czech Open A 2017"]
[Site "Pardubice CZE"]
[Date "2017.07.22"]
[Round "2.69"]
[White "Mammadova, Narmin"]
[Black "Krejci, Jan2"]
[Result "1/2-1/2"]
[WhiteTitle "WIM"]
[BlackTitle "GM"]
[WhiteElo "2234"]
[BlackElo "2519"]
[WhiteFideId "13403710"]
[BlackFideId "322156"]
[EventDate "2017.07.21"]

1. e4 d6 2. d4 Nf6 3. Nd2 e5 4. dxe5 dxe5 5. Ngf3 Bc5 6. Bc4 O-O 7. O-O Qe7 8.
c3 h6 9. Qc2 a6 10. a4 Ba7 11. b3 Nbd7 12. Nh4 Rd8 13. Ndf3 Nb6 14. Be2 Bd7 15.
Ba3 Qe8 16. a5 Nc8 17. Rad1 Nd6 18. Bxd6 cxd6 19. Rxd6 Bc6 20. Rxf6 gxf6 21. Nf5
Kh7 22. h3 Bd7 23. N3h4 Qg8 24. Kh1 Bxf5 25. Nxf5 Rd7 26. Bc4 Rad8 27. Bd5 Qg6
28. c4 Rg8 29. g3 Bc5 1/2-1/2

[Event "28th Czech Open A 2017"]
[Site "Pardubice CZE"]
[Date "2017.07.22"]
[Round "2.70"]
[White "Kovalev, Andrei"]
[Black "Chovan, Milan"]
[Result "1/2-1/2"]
[WhiteTitle "GM"]
[BlackTitle "FM"]
[WhiteElo "2517"]
[BlackElo "2269"]
[WhiteFideId "13500023"]
[BlackFideId "14933691"]
[EventDate "2017.07.21"]

1. e4 e5 2. Nf3 Nc6 3. Bb5 a6 4. Ba4 Nf6 5. O-O b5 6. Bb3 Bb7 7. d3 Be7 8. Nc3
O-O 9. Bd2 d6 10. a4 Na5 11. Ba2 b4 12. Ne2 c5 13. Ng3 Rb8 14. c3 b3 15. Bb1 Re8
16. Nf5 Bf8 17. Bg5 h6 18. Bh4 g6 19. Ne3 Bg7 20. Nd2 Qd7 21. Bxf6 Bxf6 22. Nec4
Nxc4 23. dxc4 a5 24. Nxb3 Qc7 25. Nd2 Bc8 26. b3 Bg5 27. Nf3 Bg4 28. Bc2 Be7 29.
h3 Be6 30. Nh2 Bg5 31. Ng4 h5 32. Ne3 Bxe3 33. fxe3 Rb6 34. Rf6 Bc8 35. Qd2 Re6
36. Rf3 Bd7 37. Raf1 Be8 38. Qf2 Rb7 39. g4 hxg4 40. hxg4 Qd8 41. Qh2 Qg5 42.
R1f2 Kg7 43. Kf1 Rc7 44. Bd1 Rb7 45. Ke1 Bc6 46. Qh3 Re8 47. Rh2 Rg8 48. Bc2 Re7
49. Kd2 Bd7 50. Rg3 Ree8 51. Qh7+ Kf8 52. Bd1 Be6 53. Qh3 Kg7 54. Qg2 Rh8 55.
Rh5 Qd8 56. Rxh8 Rxh8 57. g5 Rh4 58. Qf2 Qe7 59. Rg1 Rh8 60. Kc1 Kf8 61. Kb2 Rh3
62. Ka3 Qb7 63. Bg4 Bxg4 64. Rxg4 Qe7 65. Rh4 Rxh4 66. Qxh4 Kg8 67. Qg4 Qb7 68.
Kb2 Qc6 69. Kc2 Qb7 70. Qf3 Kh7 71. Qh3+ Kg8 72. Qg4 Kg7 73. Kb2 Kg8 74. Ka3 Kg7
75. Kb2 Kg8 76. Qf3 Qc6 77. Qg2 Qb7 78. Qc2 Qe7 79. Qg2 Qb7 80. Qc2 Qe7 81. b4
cxb4 82. cxb4 axb4 83. a5 Qc7 84. a6 Qa5 85. Qb3 Qxa6 86. Qxb4 Qc6 87. Qb5 Qc5
88. Kc2 Kg7 89. Kd3 Qa3+ 90. Ke2 Qc5 91. Kd3 Qc7 92. Qe8 f6 93. gxf6+ Kxf6 94.
Qf8+ Kg5 95. Qe8 Qg7 96. Ke2 Qf6 97. Qd7 Kh4 98. Qh7+ Kg3 99. Qh6 Qf2+ 100. Kd3
Qf1+ 101. Kc3 Qc1+ 102. Kb4 Qb1+ 103. Ka5 Qxe4 104. Qg5+ Kf3 105. Qf6+ Kxe3 106.
Qxd6 Qxc4 107. Qxe5+ Qe4 108. Qg3+ Ke2 109. Qh2+ Kd1 110. Qd6+ Ke2 111. Qh2+ Kf3
112. Qh1+ Kf4 113. Qh4+ Kf5 114. Qh3+ Kf6 115. Qh8+ Kg5 116. Qh2 Qd4 117. Ka6
Qf4 118. Qg2+ Kh6 119. Qh1+ Kg7 120. Qb7+ Qf7 121. Qg2 Qf6+ 122. Kb5 g5 123. Kc4
Qe6+ 124. Kd3 Kf6 125. Qe4 Qf5 126. Ke3 g4 1/2-1/2

[Event "28th Czech Open A 2017"]
[Site "Pardubice CZE"]
[Date "2017.07.22"]
[Round "2.71"]
[White "Yuferev, Oleg"]
[Black "Debashis, Das"]
[Result "0-1"]
[WhiteTitle "FM"]
[BlackTitle "GM"]
[WhiteElo "2247"]
[BlackElo "2505"]
[WhiteFideId "4131720"]
[BlackFideId "5024854"]
[EventDate "2017.07.21"]

1. Nf3 Nf6 2. c4 e6 3. g3 d5 4. d4 dxc4 5. Bg2 Nbd7 6. O-O c6 7. a4 b6 8. Nfd2
Ba6 9. Bxc6 Rc8 10. Bb5 Bb7 11. Bxc4 h5 12. Qb3 h4 13. Nf3 hxg3 14. fxg3 Qc7 15.
Nbd2 Bd6 16. Rf2 Ng4 17. Bxe6 Nxf2 18. Bxd7+ Qxd7 19. Kxf2 g5 20. Qe3+ Qe7 21.
Nf1 f6 22. Bd2 Qxe3+ 23. Nxe3 Kf7 24. Bc3 Be4 25. Nf1 Rce8 26. N1d2 Bd5 27. Re1
g4 28. Nh4 f5 29. Nxf5 Rxh2+ 30. Kg1 Bxg3 31. Nxg3 Rg2+ 32. Kf1 Rxg3 33. e4 Bb7
34. d5 Kg6 35. Kf2 Rh3 36. Rg1 Kg5 37. Kg2 Rf8 38. Nc4 Rff3 39. Bd2+ Kf6 40.
Bc3+ Ke7 41. Be5 Ba6 42. Nd6 Kd7 43. Nf5 Bd3 44. Ng3 Rf8 45. Rd1 Re8 46. Rxd3
Rxe5 47. Rd2 Rh8 48. Rf2 Rc8 49. Rf4 Rc2+ 50. Rf2 Rc4 51. Rf4 Rxd5 52. Rxg4 Rd2+
53. Kf3 Rxa4 54. b4 Ke6 55. Rg6+ Ke5 56. Rg5+ Kf6 57. Rf5+ Ke6 58. Nh5 Ra3+ 59.
Kg4 Rg2+ 60. Kh4 Rg8 61. Nf4+ Ke7 62. Re5+ Kd7 63. Rd5+ Kc8 64. Ne6 Rag3 65. Ng5
Rg1 66. b5 Rc1 67. Kg4 Rc5 68. Kf5 Rxd5+ 69. exd5 Kd7 70. Ne4 Rg1 71. Ke5 Rb1
72. Nc3 Rb4 73. d6 Rb3 74. Kd4 Kxd6 75. Kc4 Rb2 76. Ne4+ Ke5 77. Nc3 Rc2 78. Kd3
Rxc3+ 0-1

[Event "28th Czech Open A 2017"]
[Site "Pardubice CZE"]
[Date "2017.07.22"]
[Round "2.72"]
[White "Tilicheev, Viacheslav"]
[Black "Taranenko, Evgueniy"]
[Result "1-0"]
[WhiteTitle "FM"]
[WhiteElo "2497"]
[BlackElo "2255"]
[WhiteFideId "24114928"]
[BlackFideId "14122138"]
[EventDate "2017.07.21"]

1. f4 d5 2. Nf3 c5 3. g3 Nc6 4. Bg2 Nf6 5. O-O e6 6. d3 Be7 7. c3 O-O 8. Qc2 Qc7
9. a4 b6 10. Na3 a6 11. e4 Bb7 12. Bd2 dxe4 13. dxe4 Na5 14. e5 Nd5 15. h4 c4
16. f5 exf5 17. Qxf5 Nb3 18. Nc2 g6 19. Qh3 Nxa1 20. Rxa1 Bc5+ 21. Ncd4 Bc8 22.
Qh1 Bf5 23. h5 Ra7 24. hxg6 fxg6 25. Ng5 Qxe5 26. Bxd5+ Kh8 27. Re1 Qxg3+ 28.
Qg2 Qh4 29. Nf3 Qh5 30. Bf4 h6 31. Qg3 Kh7 32. Kg2 g5 33. Be5 g4 34. Nd2 Bd3 35.
Nxc4 Bxc4 36. Bxc4 Re7 37. Bd3+ Kg8 38. Bc4+ Kh7 39. Qd3+ Qg6 40. Qxg6+ Kxg6 41.
b4 Bxd4 42. cxd4 a5 43. b5 h5 44. d5 Rfe8 45. d6 Rd7 46. Bd5 Rxe5 47. Rxe5 Rxd6
48. Kg3 Rf6 49. Be4+ Kh6 50. Kh4 Rf2 51. Rxh5+ Kg7 52. Rg5+ Kf6 53. Rxg4 Ra2 54.
Bc6 Ra3 55. Rc4 Ke5 56. Kg4 Rb3 57. Re4+ Kd6 58. Kf4 Kc5 59. Be8 Rd3 60. Bf7 Ra3
61. Rc4+ Kd6 62. Ke4 Ke7 63. Bd5 Kd6 64. Kd4 Kd7 65. Be4 1-0

[Event "28th Czech Open A 2017"]
[Site "Pardubice CZE"]
[Date "2017.07.22"]
[Round "2.73"]
[White "Citra, Dewi Ardhiani Anastasia"]
[Black "Teske, Henrik"]
[Result "1/2-1/2"]
[WhiteTitle "WFM"]
[BlackTitle "GM"]
[WhiteElo "2227"]
[BlackElo "2486"]
[WhiteFideId "7101244"]
[BlackFideId "4611500"]
[EventDate "2017.07.21"]

1. e4 c5 2. Nf3 g6 3. d4 cxd4 4. Nxd4 Bg7 5. c4 Nc6 6. Be3 Nh6 7. Nc3 Ng4 8.
Qxg4 Nxd4 9. Qd1 e5 10. Nb5 O-O 11. Qd2 Qh4 12. Bd3 Qe7 13. O-O d6 14. Nxd4 exd4
15. Bh6 Bxh6 16. Qxh6 Be6 17. Qd2 Rac8 18. b3 Bd7 19. Rad1 a6 20. Rfe1 b5 21.
cxb5 axb5 22. Bb1 Bg4 23. f3 Be6 24. Qxd4 Rc6 25. Bd3 Rb8 26. f4 Ra6 27. f5 Bd7
28. a4 Qe5 29. Qxe5 dxe5 30. Bf1 Ra7 31. a5 b4 32. Rd5 f6 33. Bc4 Kg7 34. fxg6
hxg6 35. Rc5 Kf8 36. a6 Ke7 1/2-1/2

[Event "28th Czech Open A 2017"]
[Site "Pardubice CZE"]
[Date "2017.07.22"]
[Round "2.74"]
[White "Moravec, Vit"]
[Black "Vogel, Roven"]
[Result "0-1"]
[BlackTitle "IM"]
[WhiteElo "2216"]
[BlackElo "2475"]
[WhiteFideId "331481"]
[BlackFideId "12908088"]
[EventDate "2017.07.21"]

1. Nf3 d5 2. d4 Nf6 3. c4 e6 4. g3 Be7 5. Bg2 O-O 6. O-O Nbd7 7. Nbd2 c6 8. Qc2
b6 9. b3 Bb7 10. Bb2 c5 11. Rac1 Re8 12. Rfd1 Bd6 13. Nh4 Bf8 14. e4 cxd4 15.
exd5 e5 16. Rf1 b5 17. Rce1 Rc8 18. Qb1 Bb4 19. Re2 Bxd2 20. Rxd2 bxc4 21. bxc4
Nb6 22. f4 Nxc4 23. Re2 d3 24. Qxd3 Qb6+ 25. Rff2 Ng4 26. Bxe5 Nxf2 27. Rxf2
Nxe5 28. fxe5 Rc1+ 29. Bf1 Ba6 0-1

[Event "28th Czech Open A 2017"]
[Site "Pardubice CZE"]
[Date "2017.07.22"]
[Round "2.75"]
[White "Nihal, Sarin"]
[Black "Kuznetsov, Mikhail V."]
[Result "1-0"]
[WhiteTitle "FM"]
[BlackTitle "FM"]
[WhiteElo "2471"]
[BlackElo "2245"]
[WhiteFideId "25092340"]
[BlackFideId "4194900"]
[EventDate "2017.07.21"]

1. d4 Nf6 2. c4 e6 3. Nc3 Bb4 4. Qc2 O-O 5. Nf3 d6 6. Bd2 Qe7 7. a3 Bxc3 8. Bxc3
Nbd7 9. e3 b6 10. Be2 Bb7 11. b4 Ne4 12. Bb2 f5 13. O-O g5 14. d5 e5 15. Bd3 c6
16. dxc6 Bxc6 17. Rad1 g4 18. Nd2 Nxd2 19. Rxd2 e4 20. Be2 Ne5 21. Rfd1 Rf6 22.
Qb3 Rh6 23. c5+ d5 24. Rxd5 Bxd5 25. Qxd5+ 1-0

[Event "28th Czech Open A 2017"]
[Site "Pardubice CZE"]
[Date "2017.07.22"]
[Round "2.76"]
[White "Malakhov, Igor"]
[Black "Eret, Jonas"]
[Result "1-0"]
[WhiteTitle "IM"]
[WhiteElo "2454"]
[BlackElo "2236"]
[WhiteFideId "4183088"]
[BlackFideId "364495"]
[EventDate "2017.07.21"]

1. e4 e6 2. d4 d5 3. Nc3 Nf6 4. e5 Nfd7 5. Nce2 c5 6. c3 b6 7. Nf3 Ba6 8. g3 Be7
9. Bg2 Nc6 10. O-O cxd4 11. cxd4 Rc8 12. a3 Na5 13. b4 Nb3 14. Qxb3 Bxe2 15. Re1
Bc4 16. Qb1 b5 17. h4 h5 18. Bg5 Nb6 19. Bxe7 Qxe7 20. Ng5 Kd7 21. Re3 Kc7 22.
Bh3 Kb8 23. Rf3 Rcf8 24. Qd1 Na4 25. Qd2 Rh6 26. Re1 a5 27. bxa5 f5 28. exf6
Rhxf6 29. Rxf6 Rxf6 30. Re3 1-0

[Event "28th Czech Open A 2017"]
[Site "Pardubice CZE"]
[Date "2017.07.22"]
[Round "2.77"]
[White "Semjonovs, Ilja"]
[Black "Carlsson, Pontus"]
[Result "1/2-1/2"]
[BlackTitle "GM"]
[WhiteElo "2198"]
[BlackElo "2453"]
[WhiteFideId "11604263"]
[BlackFideId "1705814"]
[EventDate "2017.07.21"]

1. e4 c5 2. Nf3 d6 3. d4 cxd4 4. Nxd4 Nf6 5. Nc3 g6 6. Be3 a6 7. f3 b5 8. Qd2
Bb7 9. O-O-O Nbd7 10. g4 h6 11. h4 b4 12. Nce2 e5 13. Nb3 a5 14. Bh3 a4 15. Na1
Qa5 16. g5 hxg5 17. hxg5 Nh5 18. Bg4 Qb5 19. Bxh5 Rxh5 20. Rxh5 gxh5 21. Ng3
O-O-O 22. Nxh5 d5 23. exd5 Nb6 24. Bxb6 Rxd5 25. Qe3 Rxd1+ 26. Kxd1 Qf1+ 27. Kd2
Bxf3 28. Qxe5 Bd6 29. Qe8+ Kb7 30. Qd7+ Ka6 31. Qa7+ Kb5 32. Qd7+ Ka6 33. Qa7+
Kb5 34. Qd7+ 1/2-1/2

[Event "28th Czech Open A 2017"]
[Site "Pardubice CZE"]
[Date "2017.07.22"]
[Round "2.78"]
[White "Jansa, Vlastimil"]
[Black "Bekturov, Tamerlan"]
[Result "1-0"]
[WhiteTitle "GM"]
[WhiteElo "2446"]
[BlackElo "2223"]
[WhiteFideId "300128"]
[BlackFideId "13710184"]
[EventDate "2017.07.21"]

1. e4 c6 2. c4 d5 3. cxd5 cxd5 4. exd5 Nf6 5. Bb5+ Nbd7 6. Nc3 g6 7. d4 Bg7 8.
d6 exd6 9. Qe2+ Kf8 10. Nf3 h6 11. Bc4 Nb6 12. Bb3 d5 13. O-O Kg8 14. Ne5 Qe7
15. a4 Be6 16. Re1 Re8 17. a5 Nc4 18. a6 Qb4 19. Ba4 Bd7 20. Bxd7 Nxd7 21. Nxd5
Qb3 22. Nc7 Re7 23. Bg5 Rxe5 24. dxe5 hxg5 25. e6 Be5 26. g3 Bxc7 27. exd7 Kg7
28. Rac1 b5 29. Qc2 Qxc2 30. Rxc2 Bd8 31. Re8 Bf6 32. b3 Nd6 33. Rxh8 1-0

[Event "28th Czech Open A 2017"]
[Site "Pardubice CZE"]
[Date "2017.07.22"]
[Round "2.79"]
[White "Neuman, Petr"]
[Black "Soural, Jan"]
[Result "1-0"]
[WhiteTitle "GM"]
[WhiteElo "2442"]
[BlackElo "2217"]
[WhiteFideId "305243"]
[BlackFideId "311928"]
[EventDate "2017.07.21"]

1. d4 Nf6 2. c4 g6 3. f3 Bg7 4. e4 O-O 5. Nc3 Nc6 6. Nge2 e5 7. Be3 Nh5 8. d5
Na5 9. Ng3 Qh4 10. Bf2 Nxg3 11. Bxg3 Qe7 12. a3 b6 13. Bd3 c5 14. Bf2 Bh6 15.
Rb1 d6 16. b4 Nb7 17. O-O Bd7 18. Bc2 Rac8 19. Qe2 Qe8 20. Rb2 f5 21. Rfb1 Rf7
22. Bb3 Kh8 23. Qd1 Kg8 24. Ra2 Bg5 25. Kh1 Kh8 26. Bg1 Kg8 27. Qe2 Kh8 28. Bc2
Kg8 29. Nd1 Qf8 30. Nb2 Qe8 31. Qd1 Kh8 32. Qe2 Kg8 33. Nd1 Kg7 34. Rb3 Ba4 35.
Rc3 Bxc2 36. Raxc2 fxe4 37. Qxe4 Qd7 38. Qe2 Bf6 39. Rd3 Bg5 40. Nf2 Bh6 41. Ne4
Qd8 42. Rd1 Rfc7 43. bxc5 Nxc5 44. Bxc5 bxc5 45. Rb1 Rb8 46. Rcb2 Rxb2 47. Qxb2
Kf7 48. Qb5 Be3 49. g3 Rd7 50. a4 Ke7 51. a5 h5 52. a6 h4 53. Kg2 Qh8 54. Qc6
h3+ 55. Kf1 Qd8 56. Ke2 Bd4 57. Rb7 Bg1 58. Qxd6+ 1-0

[Event "28th Czech Open A 2017"]
[Site "Pardubice CZE"]
[Date "2017.07.22"]
[Round "2.80"]
[White "Jeet, Jain"]
[Black "Glek, Igor"]
[Result "1/2-1/2"]
[BlackTitle "GM"]
[WhiteElo "2191"]
[BlackElo "2430"]
[WhiteFideId "5073022"]
[BlackFideId "4100484"]
[EventDate "2017.07.21"]

1. e4 e6 2. d4 d5 3. Nc3 Nf6 4. e5 Nfd7 5. Nce2 c5 6. f4 b6 7. Nf3 Ba6 8. c3 Nc6
9. a3 Ne7 10. Be3 h5 11. Bf2 Nf5 12. g3 Be7 13. Bh3 g6 14. O-O Kf8 15. Re1 Kg7
16. b4 Rc8 17. Rc1 Rc7 18. Bf1 Qc8 19. Qd2 Bc4 20. Qb2 cxb4 21. cxb4 b5 22. Nc3
Bxf1 23. Rxf1 Qa6 24. Ne2 Rhc8 25. Rxc7 Rxc7 26. Rc1 Rxc1+ 27. Qxc1 Nb6 28. Nd2
Qb7 29. Qc3 Nc4 30. Nc1 Qc6 31. Nb1 Qa6 32. Kg2 Qa4 33. Qb3 a5 34. Qxa4 bxa4 35.
bxa5 Nxa5 36. Ne2 Nc4 37. Nec3 Bxa3 38. Nxa4 Bb2 39. Nxb2 Nxb2 40. Kf3 Nd3 41.
Bg1 f6 42. Ke2 Nb4 43. Nd2 g5 44. Nb3 gxf4 45. gxf4 Nc6 46. Bf2 Kg6 47. h3 Nh6
48. Bh4 Nf5 49. Bf2 1/2-1/2

[Event "28th Czech Open A 2017"]
[Site "Pardubice CZE"]
[Date "2017.07.22"]
[Round "2.81"]
[White "Furman, Boris"]
[Black "Cawdery, Daniel"]
[Result "1/2-1/2"]
[WhiteTitle "FM"]
[BlackTitle "IM"]
[WhiteElo "2177"]
[BlackElo "2426"]
[WhiteFideId "4107187"]
[BlackFideId "14300249"]
[EventDate "2017.07.21"]

1. d4 Nf6 2. c4 g6 3. Nc3 Bg7 4. Nf3 O-O 5. Bg5 c5 6. d5 h6 7. Bh4 b5 8. Nxb5
Ne4 9. Qc2 Qa5+ 10. Nd2 a6 11. Nc3 Nxc3 12. bxc3 g5 13. Bg3 f5 14. e3 Qxc3 15.
Qxc3 Bxc3 16. Rb1 d6 17. Rb3 Bb4 18. a3 Ba5 19. Bd3 Nd7 20. f4 Nf6 21. Ke2 Kg7
22. Rf1 1/2-1/2

[Event "28th Czech Open A 2017"]
[Site "Pardubice CZE"]
[Date "2017.07.22"]
[Round "2.82"]
[White "Krasnokutskaya, Sofiya"]
[Black "Tomazini, Zan"]
[Result "0-1"]
[BlackTitle "IM"]
[WhiteElo "2177"]
[BlackElo "2405"]
[WhiteFideId "14150735"]
[BlackFideId "14608162"]
[EventDate "2017.07.21"]

1. e4 c5 2. Nf3 d6 3. d4 cxd4 4. Nxd4 Nf6 5. Nc3 g6 6. Be3 a6 7. f3 b5 8. Qd2
Bb7 9. g4 Nbd7 10. g5 Nh5 11. O-O-O Bg7 12. a3 Nb6 13. f4 Rc8 14. Kb1 O-O 15.
Rg1 Nc4 16. Bxc4 Rxc4 17. Qd3 Nxf4 18. Qd2 Ne6 19. Nde2 b4 20. Qd3 Rxc3 21. bxc3
bxc3 22. Ka2 Qa5 23. Nd4 Nc5 24. Nb3 Nxb3 25. cxb3 Qe5 26. Qe2 Qxe4 27. Rge1 Bd5
28. Qd3 Bxb3+ 29. Kxb3 Rb8+ 30. Ka2 Rb2+ 31. Ka1 Qa4 0-1

[Event "28th Czech Open A 2017"]
[Site "Pardubice CZE"]
[Date "2017.07.22"]
[Round "2.83"]
[White "Makka, Ioulia"]
[Black "Potapov, Alexander1"]
[Result "0-1"]
[WhiteTitle "WIM"]
[BlackTitle "GM"]
[WhiteElo "2172"]
[BlackElo "2402"]
[WhiteFideId "4205316"]
[BlackFideId "4115074"]
[EventDate "2017.07.21"]

1. e4 g6 2. d4 Bg7 3. Nf3 d6 4. Bc4 Nf6 5. Qe2 O-O 6. e5 Ne8 7. h3 c5 8. c3 Nc6
9. O-O d5 10. Bb3 a5 11. dxc5 a4 12. Bc2 Nc7 13. Qd1 Ne6 14. Bxa4 Nxc5 15. Bxc6
bxc6 16. Be3 Nd7 17. Bf4 Ba6 18. Re1 Nc5 19. Bh2 Qb6 20. b3 Bh6 21. Qd4 Qa7 22.
Nbd2 Nd3 23. Reb1 Qxd4 24. cxd4 Nb4 25. Rc1 Be2 26. Rc3 Nxa2 27. Rc5 e6 28. g4
Rfc8 29. Kg2 Bb5 30. Nf1 Nb4 31. Rxa8 Rxa8 32. g5 Bf8 33. Rc3 Ra2 34. Ne1 Ra1
35. Re3 c5 36. dxc5 Bxc5 37. Rc3 Rxe1 38. Nd2 Nd3 39. Nf3 Rc1 40. Rxc1 Nxc1 41.
Nd2 Bb4 0-1

[Event "28th Czech Open A 2017"]
[Site "Pardubice CZE"]
[Date "2017.07.22"]
[Round "2.84"]
[White "Kosmo, Santul"]
[Black "Domogaev, Sergey"]
[Result "1-0"]
[BlackTitle "GM"]
[WhiteElo "2168"]
[BlackElo "2395"]
[WhiteFideId "504173"]
[BlackFideId "24103608"]
[EventDate "2017.07.21"]

1. e4 c5 2. Nf3 Nc6 3. Bb5 g6 4. O-O Bg7 5. c3 Nf6 6. d4 cxd4 7. cxd4 d5 8. Ne5
Qb6 9. Nc3 O-O 10. exd5 Nb4 11. Qb3 Qxd4 12. Nf3 Qc5 13. Be3 Qd6 14. Bc4 Na6 15.
Nb5 Qb8 16. Rfe1 Bd7 17. a4 Ne4 18. Bd4 Bxd4 19. Nbxd4 Nac5 20. Qe3 a5 21. Nb3
Qd6 22. Nxc5 Nxc5 23. b3 Rae8 24. h4 b6 25. Ne5 Rd8 26. h5 Qf6 27. Nc6 Bxc6 28.
dxc6 e6 29. h6 Rd6 30. Bb5 Rc8 31. b4 axb4 32. a5 bxa5 33. Qxc5 Qd8 34. Qe5 f6
35. Qe3 Qc7 36. Qb3 Kf7 37. Qa4 Ra8 38. Qb3 Rb8 39. Bc4 Re8 40. Bb5 Qb6 41. Ba4
Rd2 42. Qf3 Re7 43. Red1 Qd4 44. Qe3 Qxe3 45. fxe3 Rxd1+ 46. Rxd1 Rc7 47. Kf2 f5
48. Ke2 1-0

[Event "28th Czech Open A 2017"]
[Site "Pardubice CZE"]
[Date "2017.07.22"]
[Round "2.85"]
[White "Pranav, Anand"]
[Black "Saiyn, Zhanat"]
[Result "1/2-1/2"]
[BlackTitle "IM"]
[WhiteElo "2098"]
[BlackElo "2390"]
[WhiteFideId "46626786"]
[BlackFideId "13703820"]
[EventDate "2017.07.21"]

1. d4 Nf6 2. c4 d6 3. Nf3 Bg4 4. e3 e6 5. h3 Bxf3 6. Qxf3 d5 7. Nc3 c6 8. Bd2
Nbd7 9. Bd3 Bd6 10. O-O-O dxc4 11. Bxc4 Nb6 12. Bb3 a5 13. Na4 Nxa4 14. Bxa4 Bb4
15. Bxb4 axb4 16. Bb3 Qe7 17. g4 Nd5 18. h4 O-O-O 19. Qg3 Qc7 20. f4 c5 21. Bxd5
Rxd5 22. dxc5 Rhd8 23. Rxd5 Rxd5 24. Kb1 Rxc5 25. Qg2 Qd7 26. Qe2 Qc6 27. Rd1 h5
28. g5 Qe4+ 29. Qd3 Rc4 30. Qxe4 Rxe4 31. Re1 e5 32. fxe5 Rxh4 33. Rf1 Rg4 34.
Rxf7 Rxg5 35. e6 Re5 36. Rxg7 Rxe6 37. Rh7 b3 38. axb3 Rxe3 39. Rxh5 Rxb3 40.
Kc2 Rg3 1/2-1/2

[Event "28th Czech Open A 2017"]
[Site "Pardubice CZE"]
[Date "2017.07.22"]
[Round "2.86"]
[White "Kulon, Klaudia"]
[Black "Simet, Martin"]
[Result "1-0"]
[WhiteTitle "WGM"]
[WhiteElo "2380"]
[BlackElo "2210"]
[WhiteFideId "1131044"]
[BlackFideId "377244"]
[EventDate "2017.07.21"]

1. c4 e5 2. g3 Nf6 3. Bg2 d5 4. cxd5 Nxd5 5. Nc3 Nb6 6. Nf3 Nc6 7. a3 Be7 8. b4
Be6 9. d3 O-O 10. O-O f6 11. Bb2 a5 12. b5 Nd4 13. Nxd4 exd4 14. Nb1 Bd5 15. Nd2
Bxg2 16. Kxg2 Qd5+ 17. Nf3 Qxb5 18. Bxd4 Ra6 19. Qc2 c5 20. Rab1 Qc6 21. Be3 Kh8
22. Rfc1 Rc8 23. Qb3 c4 24. dxc4 Nxc4 25. Kg1 Bxa3 26. Rxc4 Qxc4 27. Qxa3 b5 28.
Qe7 Rac6 29. Qa7 Qa4 30. Bb6 Qa2 31. Re1 a4 32. Nd4 Rc1 33. Rxc1 Rxc1+ 34. Kg2
Qd5+ 35. f3 Rc8 36. e4 Qa2+ 37. Kh3 Qb1 38. Bc5 Qf1+ 39. Kg4 h5+ 40. Kh4 Rg8 41.
Qd7 Qg2 42. h3 g5+ 43. Kxh5 Qxg3 44. Qg4 Qxg4+ 45. Kxg4 Re8 46. Bd6 Kh7 47. Kf5
Kg7 48. Nxb5 Rh8 49. Be7 Rxh3 50. Bxf6+ Kf7 51. Kg4 Rxf3 52. Kxf3 Kxf6 53. Na3
Ke5 54. Ke3 Kf6 55. Nc4 Ke6 56. Kf3 Kf7 57. Kg3 Ke6 58. Kg4 Kf6 59. Kf3 Ke6 60.
Ke3 Kf6 61. Kd3 Ke6 62. Kd4 Kf6 63. Ne3 Ke6 64. Ng4 1-0

[Event "28th Czech Open A 2017"]
[Site "Pardubice CZE"]
[Date "2017.07.22"]
[Round "2.87"]
[White "Plischki, Sebastian"]
[Black "Klecker, Tadeas"]
[Result "1-0"]
[WhiteTitle "IM"]
[WhiteElo "2376"]
[BlackElo "2163"]
[WhiteFideId "4637143"]
[BlackFideId "326950"]
[EventDate "2017.07.21"]

1. d4 d6 2. Nf3 Nc6 3. d5 Ne5 4. Nxe5 dxe5 5. e4 Nf6 6. Nc3 e6 7. Bb5+ Bd7 8.
dxe6 Bxb5 9. Nxb5 Qxd1+ 10. Kxd1 O-O-O+ 11. Ke2 c6 12. Nc3 fxe6 13. f3 Bb4 14.
Nd1 Kc7 15. Nf2 Nd7 16. Nd3 Bd6 17. Bg5 Rdf8 18. Be3 c5 19. c4 b6 20. a3 a5 21.
b3 Ra8 22. h4 Rhg8 23. h5 Nb8 24. h6 g6 25. b4 axb4 26. axb4 Na6 27. bxc5 Nxc5
28. Bxc5 Bxc5 29. Nxe5 Bd4 30. Rxa8 Rxa8 31. Ng4 Kc6 32. e5 Kc5 33. Kd3 Ra3+ 34.
Ke4 Kxc4 35. Rd1 Bc5 36. Rd7 Kc3 37. Kf4 Ra4+ 38. Kg5 b5 39. Rxh7 b4 40. Rc7 Kd4
41. h7 Ra8 42. Rb7 Kc3 43. Nf6 b3 44. Ne4+ 1-0

[Event "28th Czech Open A 2017"]
[Site "Pardubice CZE"]
[Date "2017.07.22"]
[Round "2.88"]
[White "Koykka, Pekka"]
[Black "Machlik, Endre"]
[Result "1-0"]
[WhiteTitle "FM"]
[WhiteElo "2351"]
[BlackElo "2157"]
[WhiteFideId "504319"]
[BlackFideId "1513605"]
[EventDate "2017.07.21"]

1. e4 c6 2. d4 d5 3. e5 Bf5 4. h4 h5 5. Bd3 Bxd3 6. Qxd3 e6 7. Bg5 Qb6 8. Nd2
Ne7 9. Ne2 Nd7 10. c4 Nf5 11. b3 f6 12. exf6 gxf6 13. Bf4 Rg8 14. O-O Kf7 15.
Nf3 Rg4 16. Rac1 Ba3 17. Rb1 a5 18. Bg3 Rag8 19. Nf4 Nxg3 20. fxg3 Rxg3 21. Qh7+
R8g7 22. Qxh5+ Kg8 23. Nxe6 Rh7 24. Qe8+ Bf8 25. Nfg5 Re7 26. Qg6+ Rg7 27. Nxg7
Qxd4+ 28. Rf2 Bxg7 29. Qh7+ Kf8 30. Ne6+ 1-0

[Event "28th Czech Open A 2017"]
[Site "Pardubice CZE"]
[Date "2017.07.22"]
[Round "2.89"]
[White "Sochacki, Wojtek"]
[Black "ter Stal, Rainer"]
[Result "1-0"]
[WhiteTitle "FM"]
[BlackTitle "CM"]
[WhiteElo "2350"]
[BlackElo "2140"]
[WhiteFideId "651389"]
[BlackFideId "12993603"]
[EventDate "2017.07.21"]

1. d4 Nf6 2. c4 c5 3. d5 b5 4. cxb5 a6 5. e3 Bb7 6. Nc3 Qa5 7. Bd2 axb5 8. Bxb5
Qb6 9. Nge2 Nxd5 10. O-O Nf6 11. a4 e6 12. Nf4 Be7 13. Re1 Nc6 14. e4 d6 15.
Nfd5 Qd8 16. Bf4 Rc8 17. Nxf6+ gxf6 18. Qg4 Kd7 19. Nd5 Rg8 20. Qh3 f5 21. Rad1
Bf8 22. Qc3 Bg7 23. Qa3 exd5 24. exd5 Bf8 25. Qxc5 Kc7 26. dxc6 Kb8 27. Rxd6
Bxd6 28. Bxd6+ 1-0